| 000 | 00745nam a2200241Ia 4500 | ||
|---|---|---|---|
| 001 | 16766 | ||
| 003 | GE_BSU | ||
| 008 | 181216s||||||||xx |||||||||||||| ||und|| | ||
| 040 | _cGE_BSU | ||
| 080 | _a821.353.1-32 | ||
| 100 | _aგვასალია, მოსე | ||
| 245 | _aძმები : მოთხრობები | ||
| 245 | _bმოთხრობები | ||
| 245 | _cრედ. მ.ფოცხიშვილი | ||
| 260 | _aთბილისი | ||
| 260 | _bლიტერატურა და ხელოვნება | ||
| 260 | _c1964 | ||
| 300 | _a168გვ. ; 20სმ. | ||
| 653 | _aმოთხრობა | ||
| 653 | _aმოთხრობები | ||
| 653 | _aძმები | ||
| 942 | _cBK | ||
| 999 |
_c49831 _d49831 |
||